| 000 | 00613nam a2200241Ia 4500 | ||
|---|---|---|---|
| 003 | OSt | ||
| 005 | 20221005120757.0 | ||
| 006 | a|||||r|||| 00| 0 | ||
| 007 | ta | ||
| 008 | 221004b |||||||| |||| 00| 0 eng d | ||
| 024 | _a52307 | ||
| 037 | _cTextual | ||
| 040 |
_aCRL _cCRL _beng |
||
| 041 |
_2eng _aeng |
||
| 082 | _aQ5:2x, J4 | ||
| 100 |
_aLeslau Wolf Tr. _9629637 |
||
| 245 | 0 | _aFalasha anthology | |
| 260 | _c1954 | ||
| 490 | _a(Yale Judaica series,ed.by Julian obermann,no.6). | ||
| 650 | _aRELIGION | ||
| 942 |
_hQ5:2x, J4 _cTEXL _2cc |
||
| 999 |
_c1039089 _d1039089 |
||